Capy's Two Years of JetPunk - Statistics

General Stats
  • This quiz has been taken 48 times
  • The average score is 6 of 26
Answer Stats
Hint Answer % Correct
Original Account Name CAP12345
86%
Blog competition series that I hosted at the beginning of 2024, but deleted Country Showdown
43%
# of people who signed up 18
29%
# of people who signed up 6
29%
Name anyone who signed up Astana / Gade / Nickelz / Kilo / hi / McKenzieFam
29%
Blog Competition that I started in late 2024 Country Showdown
29%
Message Board Series that I started JetPunk Traitors
29%
Which is ... times the people who signed up for my blog series Three
29%
Team that got eliminated in my old series before it got deleted 11
14%
About how much takes did that quiz have? 120
14%
About much takes did I have by the end of 2023? 1,600
14%
How much takes did that quiz have at the end of 2023? 45
14%
First Quiz Countries Most Similar to Afghanistan
14%
First Quiz that WASN'T a copy of another quiz Countries Most Similar to Albania
14%
Quiz series that became my most popular series by the end of 2023 Enemies of Countries
14%
My most popular quiz by the end of 2023 Enemies of European Countries
14%
Third Friend Fianchetto
14%
First Ever Blog hint: it's deleted Finally...
14%
First Quiz that wasn't very similar to another quiz OR a Country Similarity Index quiz Flags of Major Countries
14%
Language that series was translated in French / Italian
14%
First Commenter KingsForever
14%
Quiz series that I started in mid-2024 and is now my most popular series Missing Countries and States
14%
Second Friend Nickelz
14%
Name one of my usernames I had after I deleted my series (excluding Capybarra) OpticalIllusion1 / CapybaraKing / Capylife / CapybaraDaze / CapybaraDays
14%
First Friend Quizmaster
14%
What is my most popular quiz (to this day) that was submitted in 2023 originally? Which country/place is your favorite?
14%
No matching quizzes found
Score Distribution
Percent of People with Each Score
Percentile by Number Answered
Your Score History
You have not taken this quiz